La educación moral
Saved in:
| 主要作者: | |
|---|---|
| 格式: | 圖書 |
| 語言: | 西班牙语 |
| 出版: |
Pamplona
Verbo Divino
1976
|
| 版: | 1a. ed |
| 叢編: | Hombre y Sociedad, 8
|
| 主題: | |
| 標簽: |
添加標簽
沒有標簽, 成為第一個標記此記錄!
|
MARC
| LEADER | 00000cam a2200000 a 4500 | ||
|---|---|---|---|
| 001 | UCD2736 | ||
| 003 | CL-VaPUC | ||
| 008 | 160505e19760000sp |||||||||||||||||spa|d | ||
| 020 | |a 8471512025 | ||
| 082 | 0 | 4 | |a 241 |b BUL |2 21 |
| 100 | 0 | |a Bull, Norman J |e author |9 586102 | |
| 245 | 1 | 3 | |a La educación moral |
| 250 | |a 1a. ed | ||
| 300 | |a 287 p | ||
| 942 | |c BK | ||
| 945 | |d 20160505 16:04:00 |a arojas | ||
| 260 | |a Pamplona |b Verbo Divino |c 1976 | ||
| 650 | 0 | |a Teología moral |9 256617 | |
| 650 | 0 | |a Vida moral |9 397982 | |
| 650 | 0 | |a Ética cristiana |9 308677 | |
| 650 | 0 | |a Valores humanos |9 397983 | |
| 583 | |a last modification |c 20160505 16:04:00 |k Rodrigo Vera | ||
| 490 | 0 | |a Hombre y Sociedad, 8 | |
| 999 | |c 363857 |d 363855 | ||
| 952 | |0 0 |1 0 |3 erb |4 0 |6 241_000000000000000_BUL_1976 |7 0 |8 A |9 476685 |a BIBTEO |b BIBTEO |e Villagrán Garnham, Jorge |i 5302196 |o 241 BUL 1976 |p 5302196 |r 2025-01-17 |w 2019-11-24 |y BK |z Catalogado en:20160505 |k ICR | ||